New developments in tyre technology (Record no. 63792)

MARC details
000 -LEADER
fixed length control field 00408nam a2200157Ia 4500
245 #0 - TITLE STATEMENT
Title New developments in tyre technology
260 ## - PUBLICATION, DISTRIBUTION, ETC. (IMPRINT)
Name of publisher Automotive Rubber Trends
Year of publication 1999
300 ## - PHYSICAL DESCRIPTION
Number of Pages 64-81
650 ## - SUBJECT ADDED ENTRY--TOPICAL TERM
Topical Term Intelligent tyre
650 ## - SUBJECT ADDED ENTRY--TOPICAL TERM
Topical Term Run-flat tyres
650 ## - SUBJECT ADDED ENTRY--TOPICAL TERM
Topical Term Safety tyres
650 ## - SUBJECT ADDED ENTRY--TOPICAL TERM
Topical Term Tyre manufacturing
650 ## - SUBJECT ADDED ENTRY--TOPICAL TERM
Topical Term Tyre technology
942 ## - ADDED ENTRY ELEMENTS (KOHA)
Koha item type Journals
Holdings
Withdrawn status Lost status Damaged status Not for loan Home library Current library Shelving location Date acquired Serial Enumeration / chronology Koha item type
      Journals RRII Library RRII Library Rubber chemistry 17/12/2021 Volume Qtr, Issue 3 Journals